| 000 | 01562cam a22004094 4500 | ||
|---|---|---|---|
| 001 | 198255 | ||
| 003 | SpMaBN | ||
| 005 | 20260528183702.0 | ||
| 008 | 260416s1993 sp | |||| ||spa | ||
| 016 | 7 |
_abimoBNE19930177522 _2SpMaBN |
|
| 017 |
_aB 12857-1993 _bOficina Depósito Legal Barcelona |
||
| 020 | _a8439836252 | ||
| 035 | _a(OCoLC)434817796 | ||
| 035 | _a(SpMaBN)bimo0000292855 | ||
| 040 |
_aSpMaBN _bspa _cSpMaBN _erdc |
||
| 080 | _a929 Dolores Rodríguez Sopeña | ||
| 100 | 1 |
_aMutuberría, María Teresa _9243021 |
|
| 240 | 1 | 0 | _aDolores Rodríguez Sopeña |
| 245 | 1 | 0 |
_aDolores Rodríguez Sopeña _cMaría Teresa Mutuberría |
| 250 | _a2ª ed. corr. y aum. | ||
| 260 |
_aMadrid (Francisco de Rojas, 6) _bM.T. Mutuberría _c1993 |
||
| 300 |
_a275 p., [8] p. de lám. _c21 cm |
||
| 336 |
_2rdacontent _atexto |
||
| 337 |
_2rdamedia _asin mediación |
||
| 338 |
_2rdacarrier _avolumen |
||
| 500 | _aRegistro provisional. A-16111. Depósito 1 | ||
| 600 | 0 | 7 |
_aDolores Rodríguez Sopeña, _cBeata _d1848-1918 _2embne _9243022 |
| 852 |
_aES-MaACL _cDEPO1 _jA-16111 _hDonación: José Lázaro García _xEncuadernación rustica con solapas _zEn proceso |
||
| 942 |
_2udc _cMONOGRAFIA _n0 |
||
| 956 | _a1 2 | ||
| 980 |
_aSpMaBN _bBNMADRID _j7/150011 _cSG_RECOLET |
||
| 980 |
_aB 12857-1993 _aSpMaBN _bBNALCALA _jAHM/47802 _cSG_PETANTI |
||
| 980 |
_aSpMaBN _bBNALCALA _jDL/576468 _cCONSERVACI |
||
| 999 |
_c198255 _d198255 |
||